00681nam a22001817a 450000500170000001000150001702000260003203500140005803700130007208200080008524500800009326000290017327000840020230000380028694200220032499900190034695201340036520170110133854.0 aENG-116952 a9789351437062c545.00 aEN-100484 bDBAD/PUB a000 aDhaara's Guide for CDS combined defence services :benterance examination / aGugaonbLexisNexisc2017 a14th Floor, Building No. 10, Tower-B, DLF Cyber city, Phase-II bGugaone122002 aVarious Pagings :billc24cm(pbk) 2ddccENh000mDHA c105572d105572 001040718NFICaDBADbDBADd2016-12-27eDBAD/PUBg545.00l0o000 DHApEN-100484r2016-12-27 00:00:00t1v545.00w2016-12-27yEN